Geography Quiz

Random Geography or World Quiz

Half the World Away Quiz Stats

 Plays Quiz Updated Feb 13, 2019

     
Support Sporcle.
Go Orange.
Score 0/197 Timer 12:00
4 Plays Today
Country % Correct
Afghanistan
100%
Australia
100%
Argentina
100%
France
100%
Azerbaijan
100%
Russia
99.9%
Portugal
99.9%
Egypt
99.9%
Sweden
99.9%
Chile
100%
Paraguay
99.9%
Panama
99.9%
Colombia
99.9%
Belgium
100%
Bolivia
99.9%
Algeria
99.9%
Estonia
99.9%
South Africa
99.9%
Slovakia
99.9%
Croatia
99.9%
Fiji
99.9%
Angola
99.9%
Barbados
99.9%
Bahrain
99.9%
Benin
99.9%
Saudi Arabia
99.9%
Thailand
99.9%
Costa Rica
99.9%
Serbia
99.9%
South Sudan
99.9%
Botswana
99.9%
Suriname
99.9%
San Marino
99.9%
Tajikistan
99.9%
Djibouti
99.9%
Dominican Republic
99.9%
Cyprus
99.9%
Syria
99.9%
Sri Lanka
99.9%
Equatorial Guinea
99.9%
Brunei
99.9%
Burkina Faso
99.9%
Philippines
99.9%
St. Kitts and Nevis
99.9%
Solomon Islands
99.9%
Cabo Verde
99.9%
Sierra Leone
99.9%
St. Vincent-Grenadines
99.9%
Dem. Rep. of the Congo
99.9%
Rep. of the Congo
99.9%
Cen. Afr. Rep.
99.9%
Cameroon
99.3%
United Kingdom
98.2%
Zimbabwe
97.4%
Iran
97.3%
India
96.8%
Ireland
96.7%
Japan
96.5%
Uruguay
96.3%
Turkey
96.3%
Venezuela
96.1%
Yemen
96%
Kazakhstan
95.7%
Haiti
95.7%
Guinea-Bissau
95.7%
Italy
95.6%
Country % Correct
Germany
95.3%
Vanuatu
95.2%
Hungary
95%
Oman
94.9%
Luxembourg
94.8%
Palau
94.8%
Liechtenstein
94.8%
Ukraine
94.7%
Togo
94.7%
Laos
94.7%
Greece
94.6%
Kiribati
94.4%
Liberia
94.2%
Tuvalu
93.8%
Kuwait
93.8%
Guatemala
93.6%
The Gambia
93.4%
Lebanon
93.3%
Trinidad and Tobago
92.8%
North Korea
85.3%
Niger
84.3%
Mali
83.9%
United States
83%
Mauritius
83%
Monaco
81.8%
Nigeria
81.6%
New Zealand
81.3%
Madagascar
80.6%
Montenegro
80%
Nepal
79.7%
Iraq
79.5%
Malaysia
79.2%
Namibia
78.7%
Austria
78.7%
Marshall Islands
78.4%
Mexico
78%
Mozambique
77.1%
Netherlands
76.3%
Micronesia
75.8%
Morocco
75.2%
Mauritania
74.8%
Iceland
74.1%
North Macedonia
73.9%
Indonesia
73.8%
Mongolia
73.6%
Albania
73.4%
Finland
73.2%
Nicaragua
72.5%
Malta
72.2%
Zambia
72.2%
Myanmar
71.4%
South Korea
71%
Maldives
71%
Malawi
70.9%
Moldova
70.4%
Vatican City
70.3%
Nauru
70%
Canada
69.8%
Latvia
69.7%
United Arab Emirates
69.5%
Guinea
69.5%
Andorra
69.3%
Israel
69.3%
China
69.1%
Turkmenistan
69%
Norway
68.6%
Country % Correct
Lithuania
68.3%
Honduras
68%
Armenia
67.6%
Denmark
67.3%
Vietnam
67%
Jordan
66.7%
Jamaica
66.6%
Libya
66.4%
Uzbekistan
65.7%
Dominica
64.8%
Brazil
64.4%
Guyana
64.4%
Kyrgyzstan
64.2%
Slovenia
64.1%
Kenya
63.8%
Pakistan
63.2%
Bahamas
62.9%
Switzerland
62.7%
Eritrea
61.6%
Kosovo
61.3%
Lesotho
60.7%
Ghana
60.6%
Belize
59.8%
Czechia
59.5%
Belarus
59.5%
Peru
59.2%
Poland
58.5%
St. Lucia
58.5%
Chad
58.4%
Tonga
58.4%
Ethiopia
58%
Sudan
57.8%
Cambodia
57.7%
Spain
57.5%
Cuba
57.5%
Uganda
57.3%
Antigua and Barbuda
57.1%
Ecuador
56.6%
Romania
56.4%
El Salvador
56.2%
Bosnia and Herzegovina
55.8%
Bhutan
55.8%
Eswatini
55.5%
Palestine
55.5%
Grenada
54.9%
Comoros
54.7%
Bulgaria
54.7%
Rwanda
54.2%
Georgia
54%
Tunisia
53.6%
Bangladesh
53.4%
Gabon
53.4%
Burundi
52.6%
Timor-Leste
51.4%
Côte d’Ivoire
50.6%
Papua New Guinea
50.2%
Qatar
49.9%
Seychelles
48.2%
Taiwan
47.9%
Somalia
46.4%
Senegal
45.2%
Singapore
44.5%
Tanzania
44.2%
Samoa
43.7%
São Tomé and Príncipe
43%

From the Vault

Regions of Spain

by Derek

This quiz is provided as a service to those who may be planning a summer trip to Spain...no need to thank us, it is just what we do.
Remove Ads.
Support Sporcle.
Get the best of Sporcle when you Go Orange. This ad-free experience offers more features, more stats, and more fun while also helping to support Sporcle. Thank you for becoming a member.

Show Comments

Extras

Top Quizzes Today


Score Distribution

Your Account Isn't Verified!

In order to create a playlist on Sporcle, you need to verify the email address you used during registration. Go to your Sporcle Settings to finish the process.

Report this User

Report this user for behavior that violates our Community Guidelines.

Details: